000
00232nam a22001097a 4500
003
OSt
020
_a
9789327228885
082
_a
630
_b
SIN/HA
100
_a
Singh, S S
245
_a
Handbook of Agricultural Sciences
942
_2
ddc
_c
BK
999
_c
140198
_d
140198